| 000 | 01300nam a22002537a 4500 | ||
|---|---|---|---|
| 005 | 20180205162642.0 | ||
| 010 | _a1516HN08 B-620300-302 B-665703 | ||
| 020 |
_c400.00 _a9788190489775 |
||
| 035 | _aB-620300-302 | ||
| 035 | _aB-665703 | ||
| 037 |
_bSTAR/VEN _aDPL |
||
| 082 | _aउ | ||
| 100 | _aश्रीनिवास दास | ||
| 245 |
_aपरीक्षा गुरु / _cलाला श्रीनिवास दास |
||
| 246 |
_aPariksha Guru _bby Shrinivas Das |
||
| 260 |
_aनई दिल्ली _bबालाजी प्रकाशन _c2014 |
||
| 270 |
_a4760-61, द्वितीय तल, 23, अंसारी रोड़, दरियागंज _bनई दिल्ली _e110002 |
||
| 300 |
_a190पृ. _c22सेमी (सजिल्द) |
||
| 650 | _aहिन्दी साहित्य | ||
| 650 | _aHindi Sahitya | ||
| 942 |
_2ddc _cHN _mश्रीनिवा _hउ |
||
| 999 |
_c97554 _d97554 |
||